[Event "FIDE World Senior Team Championship 2020"]
[Site "Olympik hotel, Sokolovska 138,"]
[Date "2020.03.10"]
[Round "5.21"]
[White "Ruzicka, Zdenek"]
[Black "Bartonicek, Zdenek"]
[Result "1/2-1/2"]
[WhiteElo "2163"]
[BlackElo "1949"]
[PlyCount "136"]
[EventDate "2020.03.06"]
[WhiteTeam "CZE4"]
[BlackTeam "CZE8"]

1. d4 Nf6 2. Nf3 g6 3. g3 Bg7 4. Bg2 O-O 5. O-O d6 6. c4 Nbd7 7. Nc3 c5 8. d5
Ng4 9. Bd2 Nge5 10. b3 Nxf3+ 11. Bxf3 Ne5 12. Bg2 Bd7 13. Rc1 Qc8 14. f4 Ng4
15. e3 Nf6 16. Re1 Bg4 17. Qc2 Bh3 18. Bf3 Ng4 19. Nd1 Rb8 20. Bc3 Nf6 21. Nf2
Bd7 22. e4 b5 23. e5 Ne8 24. cxb5 Rxb5 25. Qe2 Rb8 26. Qe3 Bh6 27. Nd3 Ng7 28.
b4 Nf5 29. Qd2 c4 30. Nb2 Qa6 31. a4 Bxa4 32. Qf2 Bb5 33. Ra1 Qb6 34. Rxa7
Qxf2+ 35. Kxf2 Rfe8 36. Rea1 Bg7 37. g4 Nh4 38. Nd1 Nxf3 39. Kxf3 g5 40. exd6
exd6 41. Bxg7 Kxg7 42. Nc3 gxf4 43. Kxf4 Re5 44. R1a5 Be8 45. b5 Re1 46. Ra1
Rxa1 47. Rxa1 Rb7 48. Rb1 Kf6 49. Rb4 Bd7 50. g5+ Ke7 51. h4 f6 52. Rxc4 fxg5+
53. Kxg5 Bxb5 54. Rb4 Ba6 55. Rxb7+ Bxb7 56. Kh6 Kf7 57. Kxh7 Ba8 58. h5 Bb7
59. h6 Ba8 60. Kh8 Bb7 61. Kh7 Ba8 62. Kh8 Bb7 63. Kh7 Ba8 64. Ne4 Bxd5 65.
Nxd6+ Kf8 66. Kg6 Kg8 67. h7+ Kh8 68. Kh6 Be6 1/2-1/2

[Event "FIDE World Senior Team Championship 2020"]
[Site "Olympik hotel, Sokolovska 138,"]
[Date "2020.03.10"]
[Round "5.21"]
[White "Fabian, Jan"]
[Black "Jedlicka, Vladimir"]
[Result "0-1"]
[WhiteElo "1896"]
[BlackElo "2068"]
[PlyCount "74"]
[EventDate "2020.03.06"]
[WhiteTeam "CZE8"]
[BlackTeam "CZE4"]

1. e4 c5 2. Nc3 Nc6 3. d3 g6 4. g4 Bg7 5. Bg2 d6 6. h4 Ne5 7. f3 h5 8. g5 e6 9.
Nge2 Ne7 10. Be3 Qa5 11. f4 Ng4 12. Bg1 Qb4 13. Qd2 Qxb2 14. Rb1 Qa3 15. Rh3
Qa5 16. d4 cxd4 17. Bxd4 e5 18. Nb5 Qd8 19. Bxa7 O-O 20. Rd3 Be6 21. Rxd6 Qc8
22. Bb6 Bxa2 23. Rd1 Qc4 24. Nc7 Ra3 25. f5 Nc8 26. Rd3 Nxb6 27. Rxa3 Qc5 28.
Rf3 Qxc7 29. f6 Bh8 30. Rc3 Nc4 31. Qd6 Qxd6 32. Rxd6 Nxd6 33. Rc7 Be6 34. Kd2
Rd8 35. Kc1 Rc8 36. Re7 Kf8 37. Bf3 Nxf6 0-1

[Event "FIDE World Senior Team Championship 2020"]
[Site "Olympik hotel, Sokolovska 138,"]
[Date "2020.03.10"]
[Round "5.21"]
[White "Joukl, Zdenek"]
[Black "Becvar, Miroslav"]
[Result "1/2-1/2"]
[WhiteElo "2047"]
[BlackElo "1857"]
[PlyCount "48"]
[EventDate "2020.03.06"]
[WhiteTeam "CZE4"]
[BlackTeam "CZE8"]

1. d4 e6 2. Nf3 d5 3. Bf4 Nf6 4. e3 Bd6 5. Ne5 Nbd7 6. Nd2 Nf8 7. Bd3 Ng6 8.
Bg3 c6 9. O-O Qc7 10. f4 b6 11. c4 O-O 12. Qc2 Bb7 13. Rac1 Qe7 14. a3 c5 15.
Nxg6 hxg6 16. Bh4 cxd4 17. exd4 Rac8 18. Qa4 Bc6 19. Qd1 dxc4 20. Nxc4 Bb8 21.
Ne5 Qd6 22. Nxc6 Rxc6 23. Rxc6 Qxc6 24. Qf3 Qxf3 1/2-1/2

[Event "FIDE World Senior Team Championship 2020"]
[Site "Olympik hotel, Sokolovska 138,"]
[Date "2020.03.10"]
[Round "5.21"]
[White "Kasik, Miroslav"]
[Black "Hnat, Zdenek"]
[Result "1/2-1/2"]
[WhiteElo "1734"]
[BlackElo "1802"]
[PlyCount "66"]
[EventDate "2020.03.06"]
[WhiteTeam "CZE8"]
[BlackTeam "CZE4"]

1. e4 e5 2. Nf3 Nc6 3. Bb5 a6 4. Ba4 f5 5. Nc3 b5 6. Bb3 b4 7. Nd5 fxe4 8. Ng1
Nf6 9. Qe2 Bc5 10. Qc4 Nxd5 11. Qxc5 Nf4 12. g3 Ng6 13. Bd5 Qf6 14. Bxe4 Bb7
15. d3 O-O-O 16. a3 b3 17. c3 d5 18. Bg2 Rhf8 19. Nh3 h6 20. O-O Qf5 21. Qe3 d4
22. Qe4 Qe6 23. c4 Na5 24. Qe2 Bxg2 25. Kxg2 Qc6+ 26. f3 Nb7 27. Bd2 Nc5 28.
Bb4 Rf5 29. Bxc5 Qxc5 30. Qe4 Rdf8 31. Qa8+ Kd7 32. Qxa6 Qc6 33. Qxc6+ Kxc6 {
Unreadable - 49 moves} 1/2-1/2

[Event "FIDE World Senior Team Championship 2020"]
[Site "Olympik hotel, Sokolovska 138,"]
[Date "2020.03.10"]
[Round "5.22"]
[White "James, David J"]
[Black "Tichatschke, Wolfgang"]
[Result "1-0"]
[WhiteElo "2122"]
[BlackElo "1974"]
[PlyCount "131"]
[EventDate "2020.03.06"]
[WhiteTeam "WLS"]
[BlackTeam "GER10"]

1. d4 Nf6 2. Nf3 e6 3. c4 d5 4. Bg5 Be7 5. e3 b6 6. Nc3 O-O 7. Be2 Bb7 8. Bxf6
Bxf6 9. cxd5 exd5 10. b4 Nd7 11. b5 Qe7 12. Qb3 Qd6 13. O-O Rfe8 14. a4 Be7 15.
a5 bxa5 16. Rfb1 c5 17. Rxa5 Bd8 18. Ra2 Bb6 19. Na4 c4 20. Qc2 Bc7 21. g3 g6
22. Bf1 h5 23. Bg2 Bd8 24. Nd2 h4 25. Nxc4 Qe7 26. Nd2 hxg3 27. hxg3 Rc8 28.
Qd3 Qg5 29. Nf1 Nf6 30. Nc5 Rb8 31. Nxb7 Rxb7 32. Rc1 Bb6 33. Rac2 Rbb8 34. Bh3
Qh5 35. Bg2 Kg7 36. Qd1 Qf5 37. Qf3 Qd7 38. Rc6 Bd8 39. Qe2 Qb7 40. Ra1 Qd7 41.
Nd2 Re6 42. Bh3 Rxe3 43. Qf1 Re6 44. Bxe6 fxe6 45. Qe2 Rb6 46. Rxb6 Bxb6 47.
Nf3 Ne4 48. Rc1 Qe7 49. Rc6 Qf6 50. Qe3 g5 51. Ne5 g4 52. Nxg4 Qg6 53. Qf4 Qg5
54. Rxe6 Qxf4 55. gxf4 Bxd4 56. Ne3 Kf7 57. Rh6 Nc3 58. Kg2 Nxb5 59. Nxd5 Kg7
60. Rc6 Bb2 61. Rc5 a6 62. Rc6 Nd4 63. Rxa6 Nf5 64. Kf3 Nh4+ 65. Kg4 Ng6 66.
Kg5 1-0

[Event "FIDE World Senior Team Championship 2020"]
[Site "Olympik hotel, Sokolovska 138,"]
[Date "2020.03.10"]
[Round "5.22"]
[White "Strauss, Peter"]
[Black "Powell, Lloyd"]
[Result "1/2-1/2"]
[WhiteElo "1841"]
[BlackElo "2057"]
[PlyCount "39"]
[EventDate "2020.03.06"]
[WhiteTeam "GER10"]
[BlackTeam "WLS"]

1. d4 Nf6 2. c4 e6 3. Nc3 d5 4. cxd5 exd5 5. Bg5 Be7 6. e3 c6 7. Bd3 Nbd7 8.
Qc2 O-O 9. Nge2 Re8 10. O-O Nf8 11. h3 g6 12. Ng3 Ne6 13. Bh6 Qc7 14. f4 Kh8
15. Qf2 Ng8 16. Bg5 Nxg5 17. fxg5 Bxg5 18. e4 Bh4 19. e5 Be6 20. Nce2 1/2-1/2

[Event "FIDE World Senior Team Championship 2020"]
[Site "Olympik hotel, Sokolovska 138,"]
[Date "2020.03.10"]
[Round "5.22"]
[White "Miles, Richard"]
[Black "Fitzke, Ulrich"]
[Result "1/2-1/2"]
[WhiteElo "1981"]
[BlackElo "1803"]
[PlyCount "59"]
[EventDate "2020.03.06"]
[WhiteTeam "WLS"]
[BlackTeam "GER10"]

1. d4 d5 2. c4 e6 3. Nc3 Nf6 4. Bg5 Be7 5. e3 c6 6. Nf3 Nbd7 7. Rc1 O-O 8. Bd3
dxc4 9. Bxc4 Nd5 10. Bxe7 Qxe7 11. O-O Rd8 12. Qb3 b6 13. e4 Nxc3 14. bxc3 Bb7
15. Rfe1 Rac8 16. Rcd1 Qf8 17. e5 c5 18. Ng5 Qe7 19. f4 cxd4 20. cxd4 Nf8 21.
Ne4 Bd5 22. Bxd5 Rxd5 23. Nc3 Ra5 24. a4 Qc7 25. Ne4 Qc4 26. Qg3 Qxa4 27. Nd6
Rc2 28. f5 exf5 29. Nxf5 Ng6 30. h4 1/2-1/2

[Event "FIDE World Senior Team Championship 2020"]
[Site "Olympik hotel, Sokolovska 138,"]
[Date "2020.03.10"]
[Round "5.22"]
[White "Baumgarten, Werner"]
[Black "Taylor, Robert Graham"]
[Result "0-1"]
[WhiteElo "1769"]
[BlackElo "1840"]
[PlyCount "110"]
[EventDate "2020.03.06"]
[WhiteTeam "GER10"]
[BlackTeam "WLS"]

1. d4 Nf6 2. c4 g6 3. Nc3 d5 4. cxd5 Nxd5 5. e4 Nxc3 6. bxc3 Bg7 7. Bc4 O-O 8.
Ne2 c5 9. O-O cxd4 10. cxd4 Nc6 11. Be3 Qa5 12. Qb3 Qb4 13. Rac1 Qxb3 14. Bxb3
Rd8 15. d5 Na5 16. Ba4 b6 17. Nd4 Ba6 18. Nb5 Kf8 19. Rc2 e6 20. dxe6 fxe6 21.
Rfc1 Bxb5 22. Bxb5 Be5 23. Kf1 Bd6 24. Bg5 Rdb8 25. Rd1 Bc5 26. Rd7 a6 27. Be2
Rb7 28. Rcd2 Raa7 29. Rd8+ Kg7 30. Re8 Be7 31. Bxe7 Rxe7 32. Rxe7+ Rxe7 33.
Bxa6 Nc6 34. Rd6 Nb4 35. Bc4 Rc7 36. Bxe6 Rc1+ 37. Ke2 Rc2+ 38. Rd2 Rc6 39. Bd7
Rc5 40. a4 Kf6 41. f4 Ke7 42. g3 Rc1 43. Bb5 h5 44. Rb2 Nc6 45. Rd2 Na5 46. Kf3
Rc3+ 47. Kg2 Nb3 48. Rd7+ Kf8 49. Rd6 Kg7 50. Rxb6 Rc2+ 51. Kg1 Nd2 52. Rd6
Nf3+ 53. Kf1 Nxh2+ 54. Kg1 Nf3+ 55. Kh1 Rh2# 0-1

[Event "FIDE World Senior Team Championship 2020"]
[Site "Olympik hotel, Sokolovska 138,"]
[Date "2020.03.10"]
[Round "5.23"]
[White "Burchardt, Brigitte"]
[Black "Koudelka, Ivan"]
[Result "1-0"]
[WhiteElo "2075"]
[BlackElo "1964"]
[PlyCount "67"]
[EventDate "2020.03.06"]
[WhiteTeam "GERW"]
[BlackTeam "CZE11"]

1. e4 c5 2. Nf3 Nc6 3. Nc3 g6 4. g3 Bg7 5. Bg2 d6 6. d3 Nd4 7. Nxd4 cxd4 8. Ne2
e5 9. O-O Bg4 10. c4 Qd7 11. Bd2 Ne7 12. Bb4 O-O 13. f3 Be6 14. b3 b6 15. Kh1
a5 16. Bd2 Rac8 17. Ng1 h5 18. Qe2 Kh7 19. Rf2 f5 20. Raf1 h4 21. Bh3 hxg3 22.
hxg3 Rh8 23. Rh2 Kg8 24. Rff2 Kf7 25. f4 Bf6 26. fxe5 dxe5 27. Nf3 Kg7 28. Bg5
Bxg5 29. Nxg5 Rc5 30. Kg1 Qc8 31. a3 Rxh3 32. Rxh3 Bg8 33. b4 axb4 34. axb4 1-0

[Event "FIDE World Senior Team Championship 2020"]
[Site "Olympik hotel, Sokolovska 138,"]
[Date "2020.03.10"]
[Round "5.23"]
[White "Urban, Miroslav"]
[Black "Wagner-Michel, Annett"]
[Result "0-1"]
[WhiteElo "1807"]
[BlackElo "2025"]
[PlyCount "86"]
[EventDate "2020.03.06"]
[WhiteTeam "CZE11"]
[BlackTeam "GERW"]

1. e4 c5 2. Nf3 Nc6 3. d4 cxd4 4. Nxd4 Nf6 5. Nc3 d6 6. Bc4 e6 7. Bb3 a6 8. Be3
Be7 9. O-O Qc7 10. f4 O-O 11. Qf3 Na5 12. f5 Nc4 13. Bxc4 Qxc4 14. Rad1 e5 15.
Nde2 b5 16. b3 Qc7 17. Rd2 b4 18. Nd5 Nxd5 19. exd5 a5 20. Rc1 Qd8 21. c4 Bg5
22. g4 Bxe3+ 23. Qxe3 Qh4 24. Qg3 Qg5 25. Rdc2 h5 26. h3 hxg4 27. hxg4 g6 28.
Rf1 f6 29. Rf2 Bd7 30. Rc1 Rac8 31. Rcf1 Kg7 32. Rg2 Rh8 33. Nc1 Rh4 34. Nd3
Rch8 35. Nf2 Qd2 36. Qf3 Qd4 37. Rg3 R8h6 38. Qe3 Qxe3 39. Rxe3 gxf5 40. Rg3
fxg4 41. Kg2 Rh2+ 42. Kg1 f5 43. Rg2 R2h5 0-1

[Event "FIDE World Senior Team Championship 2020"]
[Site "Olympik hotel, Sokolovska 138,"]
[Date "2020.03.10"]
[Round "5.23"]
[White "Kierzek, Mira"]
[Black "Nigrin, Jiri"]
[Result "1-0"]
[WhiteElo "1983"]
[BlackElo "1490"]
[PlyCount "99"]
[EventDate "2020.03.06"]
[WhiteTeam "GERW"]
[BlackTeam "CZE11"]

1. d4 Nf6 2. Nf3 d6 3. g3 g6 4. Bg2 Bg7 5. O-O O-O 6. c4 Nbd7 7. Nc3 c5 8. b3
Rb8 9. Bb2 b6 10. d5 a6 11. a4 Ne4 12. Qc2 Nxc3 13. Bxc3 Bxc3 14. Qxc3 Nf6 15.
Nd2 Bd7 16. e4 b5 17. axb5 axb5 18. e5 Ne8 19. Rfe1 e6 20. Ne4 bxc4 21. bxc4
dxe5 22. Nxc5 exd5 23. Bxd5 Nf6 24. Rxe5 Bh3 25. Ne4 Nxe4 26. Rxe4 Rc8 27. Rd1
Rc7 28. Bxf7+ Rcxf7 29. Rxd8 Rxd8 30. Qe1 Rdd7 31. f4 Bg4 32. Re8+ Kg7 33. Qe5+
Rf6 34. Re7+ Rxe7 35. Qxe7+ Rf7 36. Qe5+ Kg8 37. Kg2 h5 38. h3 Bf5 39. c5 Rd7
40. Qc3 Rd3 41. Qc4+ Kg7 42. g4 hxg4 43. hxg4 Rd2+ 44. Kg3 Rd3+ 45. Kh4 g5+ 46.
Kxg5 Bg6 47. f5 Bxf5 48. Kxf5 Rf3+ 49. Kg5 Rf7 50. c6 1-0

[Event "FIDE World Senior Team Championship 2020"]
[Site "Olympik hotel, Sokolovska 138,"]
[Date "2020.03.10"]
[Round "5.24"]
[White "Koper, Stefan"]
[Black "Jones, Iolo C"]
[Result "1/2-1/2"]
[WhiteElo "1820"]
[BlackElo "2146"]
[PlyCount "55"]
[EventDate "2020.03.06"]
[WhiteTeam "CZE12"]
[BlackTeam "WLS"]

1. d4 Nf6 2. c4 e6 3. Nf3 b6 4. Bg5 h6 5. Bxf6 Qxf6 6. e3 Bb7 7. Be2 Bb4+ 8.
Nbd2 O-O 9. O-O Bxd2 10. Qxd2 d6 11. b4 a5 12. a3 Nd7 13. Rfc1 Be4 14. Ne1 Rfd8
15. Bf3 Bxf3 16. Nxf3 Qf5 17. h3 Qe4 18. Qb2 axb4 19. axb4 c5 20. bxc5 bxc5 21.
Rxa8 Rxa8 22. Qb5 Ra7 23. dxc5 dxc5 24. Rd1 Qb7 25. Rb1 Qc7 26. Nd2 Ra5 27. Qb3
Ra8 28. Qc2 1/2-1/2

[Event "FIDE World Senior Team Championship 2020"]
[Site "Olympik hotel, Sokolovska 138,"]
[Date "2020.03.10"]
[Round "5.24"]
[White "Van Kemenade, Rudy"]
[Black "Konvalinka, Vladislav"]
[Result "1-0"]
[WhiteElo "1915"]
[BlackElo "1722"]
[PlyCount "67"]
[EventDate "2020.03.06"]
[WhiteTeam "WLS"]
[BlackTeam "CZE12"]

1. e4 Nf6 2. e5 Nd5 3. d4 d6 4. c4 Nb6 5. exd6 cxd6 6. Nc3 g6 7. a4 a5 8. Be3
Bg7 9. Rc1 Nc6 10. d5 Ne5 11. b3 O-O 12. h3 Ned7 13. Nf3 Nf6 14. Be2 Nbd7 15.
O-O Nc5 16. Nd4 Bd7 17. Qc2 Rc8 18. Rcd1 Qc7 19. f4 e6 20. dxe6 Nxe6 21. Ndb5
Qb8 22. Nxd6 Rc6 23. Ncb5 Nc7 24. c5 Nfd5 25. Bf2 Nb4 26. Qb1 Bf5 27. Nxf5 gxf5
28. Nd6 Ne6 29. Qxf5 Rc7 30. Bf3 Rd8 31. Nxf7 Nd4 32. Nh6+ Kh8 33. Bxd4 Bxd4+
34. Rxd4 1-0

[Event "FIDE World Senior Team Championship 2020"]
[Site "Olympik hotel, Sokolovska 138,"]
[Date "2020.03.10"]
[Round "5.24"]
[White "Valtera, Jiri"]
[Black "Bevan, Peter M"]
[Result "1-0"]
[WhiteElo "1865"]
[BlackElo "1901"]
[PlyCount "93"]
[EventDate "2020.03.06"]
[WhiteTeam "CZE12"]
[BlackTeam "WLS"]

{[%evp 0,20,19,38,42,37,72,72,92,71,112,112,93,73,63,72,58,43,48,43,34,17,22]} 
1. e4 d5 2. exd5 Qxd5 3. Nc3 Qd8 4. d4 c6 5. Nf3 Bf5 6. Bc4 e6 7. O-O Nd7 8.
Qe2 Be7 9. Bf4 Ngf6 10. Bb3 O-O 11. Ne5 Nxe5 12. dxe5 Nd5 13. Nxd5 cxd5 14.
Rfd1 Qb6 15. Be3 Bc5 16. Bxc5 Qxc5 17. c3 b5 18. Rd4 a5 19. a3 Rab8 20. Qe3 h6
21. Re1 Rfc8 22. g4 Bg6 23. h4 b4 24. axb4 axb4 25. c4 dxc4 26. Rd8+ Kh7 27.
Qxc5 Rxc5 28. Rxb8 cxb3 29. Rxb4 Bc2 30. Re3 Ra5 31. Kg2 Ra2 32. Rbxb3 Bxb3 33.
Rxb3 Kg6 34. Kg3 f6 35. h5+ Kf7 36. Rb7+ Kg8 37. exf6 gxf6 38. b4 Rb2 39. f3
Rb1 40. b5 Rb4 41. b6 f5 42. gxf5 exf5 43. Rb8+ Kg7 44. b7 Kh7 45. Kf2 f4 46.
Ke2 Kg7 47. Kd3 1-0

[Event "FIDE World Senior Team Championship 2020"]
[Site "Olympik hotel, Sokolovska 138,"]
[Date "2020.03.10"]
[Round "5.24"]
[White "Harle, Bill"]
[Black "Lansky, Petr"]
[Result "1-0"]
[WhiteElo "1746"]
[BlackElo "1582"]
[PlyCount "93"]
[EventDate "2020.03.06"]
[WhiteTeam "WLS"]
[BlackTeam "CZE12"]

1. d4 Nf6 2. c4 e5 3. e3 e4 4. Nc3 b6 5. g3 Bb7 6. Bg2 Bb4 7. Nge2 d5 8. cxd5
Bxd5 9. O-O Bxc3 10. Nxc3 Bc4 11. Re1 Bd3 12. f3 Qe7 13. fxe4 Bxe4 14. Nxe4
Nxe4 15. Qf3 f5 16. Qxf5 Nd6 17. Qc2 O-O 18. Bxa8 c6 19. Bxc6 Rc8 20. Bd5+ Kh8
21. Qb3 Nd7 22. Bd2 a5 23. Rac1 Rb8 24. Bc6 h5 25. Bxd7 Qxd7 26. Bxa5 h4 27.
Bb4 Nf5 28. Rc2 hxg3 29. hxg3 Nh6 30. Qc4 Qh3 31. Rg2 Rc8 32. Qd5 Qg4 33. Qe5
Qg6 34. Bc3 Re8 35. Qf4 Re4 36. Qf8+ Kh7 37. d5 Re8 38. Qf3 Kg8 39. e4 Rf8 40.
Qe2 Qd6 41. Qd3 Qg6 42. d6 Qg4 43. e5 Qe6 44. d7 Rd8 45. Qd6 Qg4 46. e6 Nf5 47.
e7 1-0

[Event "FIDE World Senior Team Championship 2020"]
[Site "Olympik hotel, Sokolovska 138,"]
[Date "2020.03.10"]
[Round "5.25"]
[White "Niebuhr, Gerd"]
[Black "Patola, Eero"]
[Result "1/2-1/2"]
[WhiteElo "1927"]
[BlackElo "1809"]
[PlyCount "48"]
[EventDate "2020.03.06"]
[WhiteTeam "GER11"]
[BlackTeam "FIN3"]

1. d4 f5 2. g3 Nf6 3. Bg2 g6 4. Nh3 Bg7 5. Nf4 O-O 6. O-O c6 7. c4 d6 8. d5 Qe8
9. Nc3 g5 10. Ne6 Bxe6 11. dxe6 h6 12. e4 fxe4 13. Nxe4 Na6 14. f4 Nxe4 15.
Bxe4 Nc5 16. Bc2 gxf4 17. Bxf4 Nxe6 18. Qd3 Bd4+ 19. Kh1 Rxf4 20. Qh7+ Kf8 21.
gxf4 Qf7 22. Qxh6+ Bg7 23. Qg6 Qxg6 24. Bxg6 Bf6 1/2-1/2

[Event "FIDE World Senior Team Championship 2020"]
[Site "Olympik hotel, Sokolovska 138,"]
[Date "2020.03.10"]
[Round "5.25"]
[White "Virtanen, Esko"]
[Black "Juergens, Peter"]
[Result "1/2-1/2"]
[WhiteElo "1723"]
[BlackElo "1843"]
[PlyCount "26"]
[EventDate "2020.03.06"]
[WhiteTeam "FIN3"]
[BlackTeam "GER11"]

1. Nf3 Nf6 2. d4 e6 3. c4 Bb4+ 4. Nc3 O-O 5. Bg5 d5 6. e3 Nbd7 7. Qc2 c6 8. Bd3
h6 9. Bh4 Re8 10. O-O Bd6 11. Rad1 a6 12. e4 dxe4 13. Nxe4 Be7 1/2-1/2

[Event "FIDE World Senior Team Championship 2020"]
[Site "Olympik hotel, Sokolovska 138,"]
[Date "2020.03.10"]
[Round "5.25"]
[White "Hellwege, Werner"]
[Black "Lindholm, Pertti"]
[Result "0-1"]
[WhiteElo "1825"]
[BlackElo "1618"]
[PlyCount "62"]
[EventDate "2020.03.06"]
[WhiteTeam "GER11"]
[BlackTeam "FIN3"]

1. d4 Nf6 2. Nf3 g6 3. g3 Bg7 4. c4 O-O 5. Bg2 d5 6. cxd5 Nxd5 7. e4 Nb6 8. O-O
Nc6 9. Be3 Nc4 10. b3 Nxe3 11. fxe3 b6 12. Nc3 Bb7 13. Rc1 e6 14. Qd2 a6 15.
Kh1 Ne7 16. b4 Rc8 17. Rcd1 Bh6 18. Qd3 c5 19. bxc5 bxc5 20. Ne5 cxd4 21. exd4
Qa5 22. Ne2 f5 23. Nf4 Bxf4 24. Rxf4 Qxa2 25. Nd7 Rfd8 26. Ne5 Rc2 27. Rg1 Bxe4
28. Rxe4 fxe4 29. Qxe4 Nf5 30. Ng4 Rdc8 31. Qxe6+ Qxe6 0-1

[Event "FIDE World Senior Team Championship 2020"]
[Site "Olympik hotel, Sokolovska 138,"]
[Date "2020.03.10"]
[Round "5.25"]
[White "Ristoja, Aulikki"]
[Black "Fritsch, Juergen"]
[Result "1-0"]
[WhiteElo "1564"]
[BlackElo "1793"]
[PlyCount "81"]
[EventDate "2020.03.06"]
[WhiteTeam "FIN3"]
[BlackTeam "GER11"]

1. d4 d5 2. Bf4 Bf5 3. e3 e6 4. c3 Nf6 5. Qb3 b6 6. Nf3 Bd6 7. Ne5 O-O 8. Nd2
a5 9. a4 Nfd7 10. c4 Bxe5 11. Bxe5 Nxe5 12. dxe5 Ra7 13. Qc3 c5 14. g3 Nc6 15.
Bg2 Nb4 16. O-O Rd7 17. Nf3 Bd3 18. cxd5 Bxf1 19. Rxf1 Nxd5 20. Qc4 Nb4 21. h4
Qc7 22. Qe4 g6 23. h5 f5 24. exf6 Rxf6 25. hxg6 hxg6 26. Bh3 Qc6 27. Qxc6 Nxc6
28. Ng5 Nd8 29. Ne4 Rff7 30. Rc1 Rfe7 31. Nf6+ Kg7 32. Nxd7 Rxd7 33. Rc3 Rd1+
34. Kg2 Kf6 35. Bg4 Nc6 36. Bxd1 e5 37. Rd3 Ke7 38. Bf3 Nb4 39. Rd2 Na6 40. Be4
g5 41. g4 1-0